| 000 | 00694nam a2200229 a 4500 | ||
|---|---|---|---|
| 999 |
_c3580 _d3580 |
||
| 001 | 3580 | ||
| 003 | BD-JhCC | ||
| 005 | 20171115183502.0 | ||
| 008 | 171111s2012 bg |||| |||| 000 0 ben d | ||
| 020 | _a9847012002186 | ||
| 035 | _a(BD-JhCC)3580 | ||
| 040 |
_aBD-JhCC _dBD-JhCC |
||
| 041 | _aben | ||
| 082 |
_a891.4415 _bRoy 2012 |
||
| 100 | _aরায়, কামিনী | ||
| 245 |
_aকথাপ্রকাশ নির্বাচিত শ্রেষ্ঠ কবিতা / _cকামিনী রায় |
||
| 260 |
_aঢাকা : _bকথাপ্রকাশ, _c2012. |
||
| 300 |
_a95 p. : _c22 cm. |
||
| 650 | _aBengali Poetry | ||
| 942 |
_2ddc _cBK |
||